Vista normal Vista MARC

Entrada Topical Term

Número de registros utilizados en: 1

001 - CONTROL NUMBER

  • control field: 41300

003 - CONTROL NUMBER IDENTIFIER

  • control field: OSt

005 - DATE AND TIME OF LATEST TRANSACTION

  • control field: 20211026131622.0

008 - FIXED-LENGTH DATA ELEMENTS

  • fixed length control field: 211026|| aca||aabn | a|a d

040 ## - CATALOGING SOURCE

  • Original cataloging agency: OSt
  • Transcribing agency: OSt

150 ## - HEADING--TOPICAL TERM

  • Topical term or geographic name entry element: Productividad industrial
  • General subdivision: Innovaciones tecnológicas
  • Geographic subdivision: América Latina

670 ## - SOURCE DATA FOUND

  • Source citation: Work cat.: (OSt)8628: Crespi, Gustavo, 15885 editor, ¿Cómo repensar el desarrollo productivo? : , ©2014